00707nam a22002297a 4500999001500000001000500015003000900020005001700029008004100046020001500087040003800102082001900140100002200159245004300181260003200224300003800256650002100294650001800315650001500333942001200348952011700360 c2593d25931998BD-DhUAP20200226121440.0200226s1998 enka|||| |||| 00| 0 eng d a0714838691 aBD-DhUAPbEngcBD-DhUAPdBD-DhUAP 223a720.92 MCC aMcCarter, Robert. aFrank Lloyd Wright /cRobert McCarter. aLondon :bPhaidon, cc1999. a[...?] :billustrations ;c30 cm. aHollyhock House. aArchitecture. aBuildings. 2ddccBK 00102ddc4070aUAPCLbUAPCLcGeneral Stacksd2020-02-26o720.92 MCCp3010006458r2020-02-26t1w2020-02-26yBK